Sławni ludzie - Iberia - Statystyki

Ogólne statystyki
  • Ten quiz został rozwiązany 10 razy
    6 od ostatniego zresetowania
  • Średni wynik to 3 z 15
Statystyki odpowiedzi
Państwo pochodzenia Opis Sławna osoba % Poprawnych
Portugalia Piłkarz. Został pięć razy wybrany najlepszym graczem świata w piłce nożnej Cristiano Ronaldo
100%
Hiszpania Kierowca Formuły 1. Pobił 2 rekordy okrążenia Fernando Alonso
50%
Portugalia Trener i piłkarz nazywany czasem "The Special One". Obecnie trener klubu Fenerbahçe SK Jose Mourinho
50%
Hiszpania Tenisista. Zwycięsca 22 turniejów wielkoszlemowych 14 w French open, 2 w Wimbledonie, 2 w Australian open i 4 w US open Rafael Nadal
50%
Andora Rajdowiec. Startował w wyścigach mimo niepełnosprawności Albert Llovera
0%
Portugalia Sekretarz generalny ONZ António Guterres
0%
Hiszpania Król Hiszpanii Filip VI
0%
Hiszpania Aktor. Zdobywca Oscara dla najlepszego aktora drugoplanowego za rolę psychopatycznego zabójcy Antona Chigurha w filmie braci Coenów "To nie jest kraj dla starych ludzi" Javier Bardem
0%
Andora Piłkarz. Swojego pierwszego (i jedynego) gola zdobył podczas meczu z Macedonią Północną Marc Bernaus
0%
Portugalia Prezydent Portugalii Marcelo Rebelo de Sousa
0%
Andora Modelka i Miss Universe Andory Nia Sanz
0%
Hiszpania Malarz i rzeźbiarz. Jego dzieła to np. "Stary gitarzysta" czy "Portret Dory Maar" Pablo Picasso
0%
Hiszpania Reżyser takich filmów jak: "Skóra w której żyję", "Zwiąż mnie" lub "Volver" Pedro Almodóvar
0%
Hiszpania Autor słynnego obrazu "Trwałość pamięci" Salvador Dali
0%
Portugalia Zwycięzca Eurowizji 2017 Salvador Sobral
0%
Nie znaleziono quizów pasujących do podanych kryteriów
Rozkład punktacji
Procent ludzi z każdym wynikiem
Percentyl według liczby udzielonych odpowiedzi
Twoja historia wyników
Nie rozwiązałeś tego quizu od ostatniego zresetowania